| 000 | 00497nam a2200205Ia 4500 | ||
|---|---|---|---|
| 003 | LK-CoDNM | ||
| 008 | 010623t1919 xxu||||| |||| 00| 1 eng d | ||
| 040 |
_aLK-CoDNM _dLK-CoDNM _eLK-CoDNM |
||
| 041 | _aeng | ||
| 080 | _aT 3 | ||
| 245 | _aThe Times of Ceylon,Christmas number,1919 | ||
| 260 |
_bTimes of Ceylon _aColombo _c1919 |
||
| 300 | _b96p,ill,pl., 30 cm | ||
| 650 | _aBirds | ||
| 650 | _aNegambo | ||
| 650 | _aPeradeniya | ||
| 650 | _aPolonnaruwa | ||
| 650 | _aTrinco | ||
| 942 | _cBK | ||
| 999 |
_c89750 _d89750 |
||